<The> Reality of a Smart and Inclusive Economic Growth in Slovakia

Analýza potenciálneho vplyvu intenzifikácie vedomostí sociálnej súdržnosti na Slovensku v poslednom desaťročí (2002 - 2015).

Salvato in:
Dettagli Bibliografici
Autore principale: Szüdi, Gábor
Natura: Capitolo di libro
Soggetti:
Tags: Aggiungi Tag
Nessun Tag, puoi essere il primo ad aggiungerne!!

MARC

LEADER 00000nla a2200000 4500
001 0241208
005 20240502095410.9
044 |a SK 
245 1 0 |a <The> Reality of a Smart and Inclusive Economic Growth in Slovakia  |c Gábor Szüdi 
520 |a Analýza potenciálneho vplyvu intenzifikácie vedomostí sociálnej súdržnosti na Slovensku v poslednom desaťročí (2002 - 2015). 
610 2 0 |a rast hospodársky 
610 2 0 |a Slovensko 
610 2 0 |a transformácia 
610 2 0 |a diferenciácia sociálna 
610 2 0 |a diferenciácia regionálna 
610 2 0 |a vedomosti 
610 2 0 |a inovácia 
610 2 0 |a ekonomika znalostná 
610 2 0 |a politika kohézna 
100 1 |a Szüdi, Gábor